000 00736nam a2200229Ia 4500
003 OSt
005 20220926010519.0
006 a|||||r|||| 00| 0
007 ta
008 220923b |||||||| |||| 00| 0 eng d
020 _a8188965677
_c297.5
037 _b4513, 08/12/2011, RAJKIRAN BOOK AGENCY
_cGeneral Book
040 _aRTL
_cRTL
_beng
041 _2eng
_aeng
082 _aY15:47.2, Q1
100 _aMenon Ritu
_926652
245 0 _aMaking a difference
_b Memoris from the women's movement in India
260 _a New Delhi
_bWomen Unlimited
_c2011
300 _aviii,384p
_ccm.
942 _hY15:47.2, Q1
_cGB
_2CC
999 _c617462
_d617462